000 00760nem a2200229 i 4500
001 bg
100 1 _aKRZAK, Mariusz
245 0 0 _aMapa geologiczno-gospodarcza Polski :
_b45 Koszalin /
_coprac. Mariusz Krzak, Andrzej Paulo ; Państwowy Instytut Geologiczny.
255 _a1:50 000
260 _aWarszawa :
_bMŚ :
_bPIG,
_c2003.
651 9 _aPolska
_xgeologia
651 9 _aPolska
_xgospodarka
655 _aMapy
700 1 _aPAULO, Andrzej
710 0 _aPaństwowy Instytut Geologiczny
040 _cBPK
041 0 _apol
080 _a912:33+55](438)
942 _cMP
008 s pl f |000 0 pol
999 _c35244
_d35244
856 _uhttp://koha.tu.koszalin.pl/cgi-bin/koha/opac-detail.pl?biblionumber=35244
_yKatalog online BPK